| 000 | 00371nam a2200145 4500 | ||
|---|---|---|---|
| 008 | 190521s2007||||xo d | ||
| 245 | 1 | 0 |
_aLiecitel snov 3. _bPravdivý príbeh o zázracnom uzdravení |
| 260 |
_bColumbus _aBratislava _c2007 |
||
| 250 | _a1.vydanie | ||
| 300 | _a128s. | ||
| 020 |
_a9788071631374 _c0 |
||
| 041 | 1 | _aslo | |
| 044 |
_axo _cSK |
||
| 958 | _aAUL | ||
| 999 |
_c22427 _d22427 |
||